Evaluación social de proyectos (Registro nro. 965)

Detalles MARC
000 -LEADER
fixed length control field 01559 a2200229 4500
001 - CONTROL NUMBER
control field 22323
005 - DATE AND TIME OF LATEST TRANSACTION
control field 20260407155513.0
008 - FIXED-LENGTH DATA ELEMENTS--GENERAL INFORMATION
fixed length control field 260407a2002 arg spa d
003 - CONTROL NUMBER IDENTIFIER
control field AR-UNSa-BCEJYS
040 ## - CATALOGING SOURCE
Original cataloging agency AR-UNSa-BCEJYS
Language of cataloging spa
Transcribing agency AR-UNSa-BCEJYS
080 ## - UNIVERSAL DECIMAL CLASSIFICATION NUMBER
Universal Decimal Classification number 658.16
Common auxiliary subdivision Reorganización financiera (Proyectos de inversión)
041 ## - LANGUAGE CODE
Language code of text/sound track or separate title spa
100 1# - MAIN ENTRY--PERSONAL NAME
Personal name Fontaine, Ernesto R.
245 10 - TITLE STATEMENT
Title Evaluación social de proyectos
250 ## - EDITION STATEMENT
Edition statement 12a. ed
264 #1 - PRODUCTION, PUBLICATION, DISTRIBUTION, MANUFACTURE, AND COPYRIGHT NOTICE
Place of production, publication, distribution, manufacture Bogotá :
Name of producer, publisher, distributor, manufacturer Alfaomega Colombiana
Date of production, publication, distribution, manufacture, or copyright notice 2002
300 ## - PHYSICAL DESCRIPTION
Extent 471 p.
Dimensions 25 cm.
505 ## - FORMATTED CONTENTS NOTE
Formatted contents note 1. Diferentes costos para diferentes decisiones - 2. Diferentes criterios para las decisión de inversiones - 3. Aplicaciones de los criterios de decisión a diferentes problemas - 4. Principios de economía para la evaluación de proyectos - 5. Fundamentos de la evaluación social de proyectos - 6. La evaluación social en ausencia de distorsiones - 7. Ajustes al valor privado de la producción de bienes nacionales - 8. Ajustes al precio de los insumos nacionales - 9. Los efectos indirectos en presencia de distorsiones - 10. Ajustes al precio de bienes transables: El precio social de la divisa - 11. Ajustes al precio de la mano de obra - 12. Ajustes a la tasa de descuento.El vsbn medible - 13. El precio sombra de las divisas para la evaluación social de proyectos - 14. La tasa social del descuento.
590 ## - LOCAL NOTE (RLIN)
Local note niveau_biblio:m niveau_hierar:0
856 41 - ELECTRONIC LOCATION AND ACCESS
Uniform Resource Identifier <a href="https://biblioeco.unsa.edu.ar/pmb/images/libros/Evaluacion Social de Proyectos(12a edicion).jpg">https://biblioeco.unsa.edu.ar/pmb/images/libros/Evaluacion Social de Proyectos(12a edicion).jpg</a>
Link text Imagen de portada
Electronic format type image/jpeg
942 ## - ADDED ENTRY ELEMENTS (KOHA)
Koha item type
Existencias
Withdrawn status Lost status Damaged status Not for loan Home library Current library Shelving location Date acquired Total checkouts Full call number Barcode Date last seen Price effective from Koha item type
        Biblioteca Prof. Eusebio Cleto del Rey Biblioteca Prof. Eusebio Cleto del Rey   07/04/2026   658.16 F677 12ed. L87287 07/04/2026 07/04/2026 Libro
        Biblioteca Prof. Eusebio Cleto del Rey Biblioteca Prof. Eusebio Cleto del Rey   07/04/2026   658.16 F677 12ed. L87288 07/04/2026 07/04/2026 Libro
        Biblioteca Prof. Eusebio Cleto del Rey Biblioteca Prof. Eusebio Cleto del Rey   07/04/2026   658.16 F677 12ed. L87289 07/04/2026 07/04/2026 Libro